al-Ṭibb al-Miṣrī al-quadīm. (Record no. 47915)
[ view plain ]
| 000 -LEADER | |
|---|---|
| fixed length control field | 00550cam a22002291 4500 |
| 001 - CONTROL NUMBER | |
| control field | ne 65000304 |
| 003 - CONTROL NUMBER IDENTIFIER | |
| control field | DLC |
| 005 - DATE AND TIME OF LATEST TRANSACTION | |
| control field | 20260227111811.0 |
| 008 - FIXED-LENGTH DATA ELEMENTS--GENERAL INFORMATION | |
| fixed length control field | 890627s1964 xx a 000 0 ara |
| 010 ## - LIBRARY OF CONGRESS CONTROL NUMBER | |
| LC control number | ne 65000304 |
| 035 ## - SYSTEM CONTROL NUMBER | |
| System control number | (OCoLC)23523223 |
| 040 ## - CATALOGING SOURCE | |
| Original cataloging agency | DLC |
| Transcribing agency | MiU |
| Modifying agency | DLC |
| 042 ## - AUTHENTICATION CODE | |
| Authentication code | premarc |
| 043 ## - GEOGRAPHIC AREA CODE | |
| Geographic area code | f-ua--- |
| 050 00 - LIBRARY OF CONGRESS CALL NUMBER | |
| Classification number | R135 |
| Item number | .K3 1964 |
| 100 1# - MAIN ENTRY--PERSONAL NAME | |
| Personal name | Kamal, Hassan. |
| 245 13 - TITLE STATEMENT | |
| Title | al-Ṭibb al-Miṣrī al-quadīm. |
| 260 ## - PUBLICATION, DISTRIBUTION, ETC. | |
| Date of publication, distribution, etc. | 1964. |
| 300 ## - PHYSICAL DESCRIPTION | |
| Extent | 2 v. |
| Other physical details | illus. |
| Dimensions | 24 cm. |
| 500 ## - GENERAL NOTE | |
| General note | Romanized. |
| 650 #0 - SUBJECT ADDED ENTRY--TOPICAL TERM | |
| Topical term or geographic name entry element | Medicine, Egyptian |
No items available.